Consecuencias de la modernidad /

Frente a quienes sostienen que la modernidad ha sido sobrepasada, Anthony Giddens afirma que nos hallamos en un período de «alta modernidad» en el que las tendencias anteriores en vez de debilitarse se radicalizan y universalizan. En su exploración de las consecuencias de la modernidad hace hincapié...

Full description

Bibliographic Details
Main Author: Giddens, Anthony
Format: Libro
Language:Spanish
Published: Madrid Alianza 2008
Edition:1a. ed. 4a. reimp.
Series:Ensayos 100
Subjects:
Online Access:

MARC

LEADER 00000cam a2200000 a 4500
001 002470
003 UAHC_CL
005 20170803115835.0
008 081107s2008 sp 000 spa
020 |a 9788420629285 
040 |a UAHC_CL  |c UAHC_CL  |d UAHC_CL 
082 0 4 |a 190  |b G453  |2 20 
100 1 |a Giddens, Anthony 
245 1 0 |a Consecuencias de la modernidad /  |c Anthony Giddens ; Versión de Ana Lozón Ramón. 
250 |a 1a. ed. 4a. reimp.  |b 2a.reimpresión 
260 |b Alianza  |c 2008  |a Madrid 
300 |a 166 p. 
490 0 |a Ensayos  |v 100 
520 |a Frente a quienes sostienen que la modernidad ha sido sobrepasada, Anthony Giddens afirma que nos hallamos en un período de «alta modernidad» en el que las tendencias anteriores en vez de debilitarse se radicalizan y universalizan. En su exploración de las consecuencias de la modernidad hace hincapié en los aspectos cultural y epistemológico: la institucionalización de la duda como consecuencia de la ruptura con la tradición, la intersección de fiabilidad y riesgo, seguridad y peligro, para llegar finalmente a un «perfil de riesgo» distinto en esencia de los imperantes en los órdenes premodernos. 
650 4 |a ESTRUCTURA SOCIAL 
650 4 |a CULTURA 
650 4 |a TEORIA DEL CONOCIMIENTO 
650 4 |a Civilización moderna  |x Postmodernismo 
653 |a DERECHO 
900 |a 190 GIDC 
942 |c BK 
952 |0 0  |1 0  |4 0  |6 190_000000000000000_GIDC  |7 0  |8 General  |9 5575  |a BS  |b BS  |c General  |d 2017-08-03  |l 5  |m 3  |o 190 GIDC  |p 1366900  |r 2025-11-26 00:00:00  |s 2024-10-09  |t 1  |w 2017-08-03  |y BK 
952 |0 0  |1 0  |4 0  |6 190_000000000000000_GIDC  |7 0  |8 General  |9 5576  |a BC  |b BC  |c General  |d 2017-08-03  |l 2  |o 190 GIDC  |p 1366901  |r 2026-01-07 00:00:00  |s 2019-08-06  |t 2  |w 2017-08-03  |y BK 
999 |c 2470  |d 2470